| 000 | 00439cam a2200169ua 4500 | ||
|---|---|---|---|
| 020 | _c700.00 | ||
| 041 |
_aeng _h |
||
| 082 |
_a633.83 _bDAS/SP |
||
| 100 | _aDas, S N . | ||
| 245 |
_aSpices: their cultivation, processing and uses / _cS N Das. _hTextual Documents |
||
| 260 |
_aUdaypur : _bAgro-tech publishing academy , _c2007. |
||
| 300 | _a237 ; . | ||
| 365 | _a700.00 | ||
| 504 | _a | ||
| 942 | _cBK | ||
| 999 |
_c13321 _d13321 |
||